| 000 | 00956nam a22003017a 4500 | ||
|---|---|---|---|
| 001 | 229244 | ||
| 003 | DO-SdBNP | ||
| 005 | 20180207093704.0 | ||
| 007 | 229244 | ||
| 008 | 000518s1999 sp | ||| ||spa | ||
| 016 | 7 | _2BPSMU | |
| 020 | _a8481302104 | ||
| 040 |
_aBPMSU _bspa _cBPMSU |
||
| 041 | 1 | _aspa | |
| 100 | 1 |
_aFaulkner, William _d1897-1962 |
|
| 240 | 1 | 4 |
_aThe Hamlet _lEspañol |
| 245 | 1 | 3 |
_aEl villorrio _cWilliam Faulkner ; traducción de J. Napoletano Torre y P. Carbó Amiguet ; prólogo de Mariano Antolín Rato |
| 260 |
_aMadrid _bUnidad _c[1999] |
||
| 300 |
_a317 p. _c22 cm |
||
| 490 |
_aMillenium. Las 100 joyas del milenio _v91 |
||
| 700 | 1 |
_aNapoletano Torre, J. _etr. |
|
| 700 | 1 |
_aCarbó Amiguet, P. _etr. |
|
| 700 | 1 |
_aAntolín Rato, Mariano _d1943- _4pról. |
|
| 830 |
_pMillenium. Las 100 joyas del milenio _v91 |
||
| 942 |
_2ddc _cBK |
||
| 945 | _ainventariado, 2018 / dg | ||
| 956 |
_aVMATEO _210 _320151116 _6BPMSU _800151 |
||
| 999 |
_c8717 _d8717 |
||